BN25 (Record no. 77227)

MARC details
000 -LEADER
fixed length control field 00856cab a2200217 4500
001 - CONTROL NUMBER
control field ##L133845
008 - FIXED-LENGTH DATA ELEMENTS--GENERAL INFORMATION
fixed length control field 060613n2006 000 0 eng u
035 ## - SYSTEM CONTROL NUMBER
System control number (Sirsi) u133845
041 0# - LANGUAGE CODE
Language code of text/sound track or separate title eng
110 2# - MAIN ENTRY--CORPORATE NAME
Corporate name or jurisdiction name as entry element HM Revenue and Customs
9 (RLIN) 4702
245 00 - TITLE STATEMENT
Title BN25
Remainder of title aligning the inheritance tax treatment for trusts
260 ## - PUBLICATION, DISTRIBUTION, ETC.
Place of publication, distribution, etc. London
Name of publisher, distributor, etc. HMRC
Date of publication, distribution, etc. 2006
520 ## - SUMMARY, ETC.
Summary, etc. Explains the changes to inheritance tax treatment set out in the Budget 2006. The changes affect accumulation and maintenance trusts and interest in possession trusts.
590 ## - LOCAL NOTE (RLIN)
Local note IKA200606
650 24 - SUBJECT ADDED ENTRY--TOPICAL TERM
Topical term or geographic name entry element INHERITANCE TAX ACT 1984
650 24 - SUBJECT ADDED ENTRY--TOPICAL TERM
Topical term or geographic name entry element BUDGET 2006
651 #4 - SUBJECT ADDED ENTRY--GEOGRAPHIC NAME
Geographic name United Kingdom
Chronological subdivision
690 ## - LOCAL SUBJECT ADDED ENTRY--TOPICAL TERM (OCLC, RLIN)
Topical term or geographic name as entry element PROPERTY-PROPERTY VALUATION AND APPRAISAL-INHERITANCE VALUATION
856 40 - ELECTRONIC LOCATION AND ACCESS
Uniform Resource Identifier <a href="https://www.hmrc.gov.uk/budget2006/bn25.htm">https://www.hmrc.gov.uk/budget2006/bn25.htm</a>
Public note View the item free of charge at www.hmrc.gov.uk...
942 ## - ADDED ENTRY ELEMENTS (KOHA)
Suppress in OPAC 0
Holdings
Withdrawn status Lost status Source of classification or shelving scheme Damaged status Not for loan Home library Current library Shelving location Date acquired Total Checkouts Full call number Barcode Date last seen Copy number Price effective from Koha item type
    Dewey Decimal Classification     Virtual Virtual Online 13/06/2006   ONLINE PUBLICATION 133845-1001 06/08/2019 1 06/08/2019 Journal article